000 00676nam a2200241Ia 4500
003 OSt
005 20220925232330.0
006 a|||||r|||| 00| 0
007 ta
008 220923b |||||||| |||| 00| 0 eng d
037 _cGeneral Book
040 _aRTL
_cRTL
_beng
041 _2eng
_aeng
082 _aX:3M24xM70, K5
100 _aLanin V I
_9297255
245 0 _aAlliance of the working class and the peasantry. T
250 _a2
260 _aMoscow
_bProgress Publishing
_c1965
300 _a391p
_ccm.
650 _aEconomics classics V I Lenin
_9277374
942 _hX:3M24xM70, K5
_cGB
_2CC
999 _c591169
_d591169